000 00287nam a2200109Ia 4500
008 200302s9999 xx 000 0 und d
100 _aR. R. Barthwal
245 _aEnvironmental Impact Assessment (66012)
260 _bNew Age International Publishers
260 _c2002
300 _a341 P.,
999 _c5722
_d5722